| 000 | 01656cam a22003131i 4500 | ||
|---|---|---|---|
| 003 | SA-RiAUC | ||
| 005 | 20240915140826.0 | ||
| 008 | 240912s1960 ua g 00000 ara c | ||
| 040 |
_aSA-RiKSU _bara _cSA-RiAUC _erda |
||
| 082 | 0 | 4 |
_a253.4 _qSA-RiAUC |
| 090 |
_a253.4 _b م ح م |
||
| 100 | 0 |
_aمحمد رشيد رضا، _d1865-1935 _eمؤلف. |
|
| 245 | 1 | 2 |
_aالربا والمعاملات في الإسلام / _cتأليف محمد رشيد رضا ؛ تقديم محمد بهجة البيطار. |
| 264 | 1 |
_aالقاهرة : _bمكتبة القاهرة، _c1960 |
|
| 300 |
_a103 صفحة ؛ _c24 سم |
||
| 336 |
_aنص _btxt _2rdacontent _3كتاب |
||
| 337 |
_aبدون وسيط _bn _2rdamedia |
||
| 338 |
_aمجلد _bnc _2rdacarrier |
||
| 501 | _aمع : الوحي المحمدي ثبوت النبوة بالقرآن-نداء للجنس اللطيف يوم المولد النبوي الشريف-شبهات النصارى وحجج الإسلام-الوحدة الإسلامية والأخوة الدينية / تأليف السيد محمد رشيد رضا. | ||
| 650 | 7 |
_aالربا (فقه إسلامي) _2aucsh |
|
| 650 | 7 |
_aالمعاملات (فقه إسلامي) _2aucsh |
|
| 700 | 1 |
_aالبيطار، محمد بهجت، _d1894-1976 _eمقدم. |
|
| 740 | 2 | 2 | _aالوحي المحمدي : ثبوت النبوة بالقرآن. |
| 740 | 0 | 2 | _aنداء للجنس اللطيف يوم المولد النبوي الشريف. |
| 740 | 0 | 2 | _aشبهات النصارى وحجج الإسلام. |
| 740 | 2 | 2 | _aالوحدة الإسلامية والاخوة الدينية. |
| 942 |
_2ddc _cBOOK |
||
| 949 |
_aSA-JeALM _d240912 _umohamedma123 _n1 |
||
| 999 |
_c260 _d260 |
||